| 000 | 01799nam a2200313 i 4500 | ||
|---|---|---|---|
| 001 | 768714001 | ||
| 003 | CO-MdFUSB | ||
| 005 | 20210623104054.0 | ||
| 007 | ta | ||
| 008 | 200608t2010 sp |||| |||| 00| 0 spa d | ||
| 020 | _a9789588640051 | ||
| 040 |
_aCO-MdFUSB _bspa _cCO-MdFUSB _dCO-MdFUSBC _erda |
||
| 041 | _aspa | ||
| 082 |
_223 _a863 _bG215 |
||
| 100 |
_aGarcía Márquez, Gabriel _d1927-2014 _eautor |
||
| 245 |
_aYo no vengo a decir un discurso _c/ Gabriel García Márquez |
||
| 250 | _aPrimera edición | ||
| 264 | 1 |
_aBarcelona, España _bRandom House Mondadori, _c[2010] |
|
| 264 | 4 | _c©2010 | |
| 300 |
_c151 páginas ; _a24 cm |
||
| 336 |
_2rdacontent _atexto _btxt |
||
| 337 |
_2rdamedia _asin mediación _bn |
||
| 338 |
_2rdacarrier _avolumen _bnc |
||
| 490 | _aLiteratura Mondadori. | ||
| 505 | _aLa academia del deber - Cómo comencé a escribir - Por ustedes - Otra patria distinta - La soledad de América Latina - Brindis por la poesía - Palabras para un nuevo milenio - Una alianza ecológica de América Latina - Brindis por la poesía - Palabra para un nuevo milenio - El cataclismo de Damocles - Una idea indestructible - Prefacio para un nuevo milenio - Una alianza ecológica de América Latina - No estoy aquí - En honor de Belisario Bentancur con motivo de sus setenta años - Mi amigo Mutis - El argentino que se hizo querer de todos - América Latina existe - Una naturaleza distinta en un mundo distinto al nuestro - Periodismo : el mejor oficio del mundo - Botella al mar para el dios de la palabras - Ilusiones para el siglo xxi - La patria amada aunque distante - Un alma abierta para ser llenada con mensaje en castellano - Nota del editor - Noticias sobre los discursos | ||
| 650 | 7 |
_92518 _aLiteratura colombiana _2embne |
|
| 942 | _cBK | ||
| 945 | _aDani | ||
| 999 |
_c66051 _d66051 |
||